000 00675nam a2200229Ia 4500
003 IN-BaIIA
008 211028s9999 xx 000 0 eng d
020 _a0-8053-2512-3
040 _cIIA Library
080 _a524.834
_bFIE
100 _aField, George B
_98390
245 4 _aThe Redshift controversy
_cGeroge B. Field, Halton Arp and John N. Bahcall
260 _aReading, Massachusetts
_bW. A. Benjamin
_c1973
300 _axv, 324p.
490 _aFrontiers in physics Series
650 _aAstronomy and astrophysics thesaurus
650 _aCosmology
650 _aRedshift
_98391
700 _aArp, Halton
_98392
700 _aBahcall, John N.
_98393
942 _cBK
999 _c4727
_d4727